Statystyki dla Mistrzostwa Świata w Piłce Nożnej 2002

Kliknij tutaj aby rozwiązać quiz!

Ogólne statystyki

  • Ten quiz został rozwiązany 117 razy
  • Średni wynik to 27 z 32

Statystyki odpowiedzi

GrupyReprezentacja% Poprawnych
Grupa HJaponia
98%
Grupa DKorea Południowa
98%
Grupa DPolska
98%
Grupa CBrazylia
97%
Grupa ENiemcy
96%
Grupa DStany Zjednoczone
96%
Grupa AFrancja
95%
Grupa DPortugalia
95%
Grupa FAnglia
94%
Grupa FArgentyna
94%
Grupa BHiszpania
92%
Grupa CTurcja
92%
Grupa GWłochy
90%
Grupa HRosja
89%
Grupa FSzwecja
89%
Grupa GMeksyk
86%
Grupa AUrugwaj
86%
Grupa EKamerun
83%
Grupa HBelgia
82%
Grupa ASenegal
82%
Grupa GChorwacja
81%
Grupa EArabia Saudyjska
77%
Grupa CKostaryka
76%
Grupa CChiny
75%
Grupa ADania
75%
Grupa EIrlandia
75%
Grupa GEkwador
73%
Grupa BRPA
72%
Grupa FNigeria
70%
Grupa BParagwaj
67%
Grupa HTunezja
65%
Grupa BSłowenia
49%

Rozkład punktacji

Percentyl według liczby udzielonych odpowiedzi

Procent ludzi z każdym wynikiem

Twoja historia wyników

Nie rozwiązałeś tego quizu